01119nam a2200217Ia 4500001000700000008004100007020001800048082001400066245011600080260002300196300001100219440007600230500028500306503005000591504002100641650002000662650005600682650002100738650002600759700011600785Z_4323220601s9999 xx 000 0 und d a968-24-1192-0 a636.9 C66 aConejos / A. Fernán Castellanos Echeverría; colaborador F. R. Kirchner Salinas; revisión Johan D. Berlijn aMéxico : Trillas a112 p. aManuales para educación agropecuaria : área producción animal ; 2 aBasado en el trabajo de A. Fernán Castellanos EcheverríaLa biblioteca cuenta con las reimpresiones: 4a y 5a reimpresión de 1985, 7a reimpresión de1988Este manaual ha sido elaborado dentro de un proyecto de cooperación técnica internacional de la DGETA, SEP, FAO Y PNUD aej.1: C/E \ ej.2: s/n \ ej.3: C/E \ ej.4: C/E aIncluye índice a1. Cunicultura  aConejos - Alimentación 3. Conejos - Mejoramiento  aConejos - Razas  aConejos - Alojamiento aI. Castellanos Echeverría, A. Fernán \ II. Kirchner Salinas F. R., colab. \ III. Berlijn, Johan D., rev.Ì